[Event "Vasylyshyn Memorial IM"]
[Site "Lviv UKR"]
[Date "2010.11.23"]
[Round "1"]
[White "Huda, Maryana"]
[Black "Nester, Ihor"]
[Result "1/2-1/2"]
[WhiteTitle "WGM"]
[BlackTitle "IM"]
[WhiteElo "2221"]
[BlackElo "2340"]
[WhiteFideId "14116553"]
[BlackFideId "14107600"]
[EventDate "2010.11.23"]
[EventType "tourn"]

1. d4 d5 2. c4 dxc4 3. Nf3 Nf6 4. e3 e6 5. Bxc4 a6 6. Bd3 c5 7. O-O Nc6 8. Nc3
Be7 9. a3 O-O 10. dxc5 Bxc5 11. b4 Be7 12. Bb2 b6 13. Rc1 Bb7 14. Qe2 b5 15.
Rfd1 Qb6 16. Ne4 Nxe4 17. Bxe4 Rfd8 18. Nd4 Nb8 19. Bxb7 Qxb7 20. Nb3 Nc6 21.
Qg4 Bf8 22. Nc5 Qe7 23. Qe4 Rxd1+ 24. Rxd1 Rd8 25. Rd3 Rxd3 26. Qxd3 Qa7 27. Qc3
Ne7 28. e4 Ng6 29. Nd3 Qb7 30. f3 h6 31. g3 Ne7 32. Kg2 Nc8 33. Nc5 Qc6 34. Nb3 1/2-1/2

[Event "Vasylyshyn Memorial IM"]
[Site "Lviv UKR"]
[Date "2010.11.23"]
[Round "1"]
[White "Grekh, Andrey"]
[Black "Duzhakov, Ilya"]
[Result "1-0"]
[WhiteTitle "IM"]
[BlackTitle "FM"]
[WhiteElo "2373"]
[BlackElo "2336"]
[WhiteFideId "14112418"]
[BlackFideId "4192516"]
[EventDate "2010.11.23"]
[EventType "tourn"]

1. e4 e6 2. d4 d5 3. Nd2 c5 4. Ngf3 cxd4 5. exd5 Qxd5 6. Bc4 Qd6 7. O-O Nf6 8.
Nb3 Nc6 9. Nbxd4 Nxd4 10. Nxd4 a6 11. Re1 Qc7 12. Bd3 Bc5 13. c3 Bd7 14. Bg5
O-O-O 15. b4 Bxd4 16. cxd4 Bc6 17. a4 Rxd4 18. Bxf6 gxf6 19. b5 Rhd8 20. bxc6
Rxd3 21. cxb7+ Kxb7 22. Qh5 R8d5 23. Qxh7 Rc3 24. Rad1 Rcc5 25. g3 Qd7 26. Rb1+
Ka7 27. Qh8 Qd8 28. Qg7 Rc7 29. h4 f5 30. Qb2 Rcd7 31. Qb4 Qc7 32. Rec1 Qd6 33.
Rc8 f4 34. Qxd6 R5xd6 35. g4 f3 36. Rc4 Rd4 37. Rbb4 Rd1+ 38. Kh2 f5 39. gxf5
exf5 40. Rf4 R1d3 41. Rxf5 Rg7 42. Rg5 Rf7 43. Rgg4 Ra3 44. Kg3 Rd7 45. h5 Rc3
46. Rg6 Rf7 47. Rbb6 Rc1 48. Rxa6+ Kb7 49. Raf6 1-0

[Event "Vasylyshyn Memorial IM"]
[Site "Lviv UKR"]
[Date "2010.11.23"]
[Round "1"]
[White "Bargan, Sergei"]
[Black "Leinov, Roman"]
[Result "0-1"]
[WhiteTitle "IM"]
[WhiteElo "2347"]
[BlackElo "2162"]
[WhiteFideId "13900854"]
[BlackFideId "13504649"]
[EventDate "2010.11.23"]
[EventType "tourn"]

1. d4 d5 2. c4 c6 3. Nf3 e6 4. Nc3 dxc4 5. e4 b5 6. a4 Bb4 7. Be2 Nf6 8. Qc2 h6
9. O-O O-O 10. axb5 Bxc3 11. bxc3 cxb5 12. Nd2 Qc7 13. Ba3 Rd8 14. e5 Nd5 15.
Ne4 Bb7 16. Bd6 Qc6 17. Bf3 Nd7 18. Qd2 a6 19. g4 N7b6 20. g5 h5 21. Nf6+ Kh8
22. g6 Rxd6 23. gxf7 Rdd8 24. Qg5 Nf4 25. Bxc6 Nh3+ 26. Kg2 Nxg5 27. Bxb7 Rab8
28. Ne4 Nxf7 29. Bxa6 Nd5 30. Rab1 Nc7 31. Ra1 Rd5 32. Ra2 Nd8 33. Nd6 Kg8 34.
Rb1 Nf7 35. Nxc4 Rdd8 36. Na5 Nxa6 37. Nc6 Nc7 38. Nxb8 Rxb8 39. Rab2 Nh6 40. c4
Rb7 41. Kf3 Nf5 42. Ke4 Ne7 43. f4 g6 44. Rd1 Ra7 45. cxb5 Rb7 46. Rc1 Nxb5 47.
Kd3 Rc7 48. Rc5 Rxc5 49. dxc5 Nc7 50. Rb7 Ncd5 51. Kc4 Kf8 52. Rb8+ Kf7 53. Rd8
Nxf4 54. Kb5 g5 55. c6 Nfg6 56. c7 Nxe5 57. Rh8 N5g6 58. Rxh5 Ke8 59. Rxg5 Kd7
60. Rc5 Kc8 61. Kc4 Nd5 62. Kb5 Ne5 63. h4 Nxc7+ 64. Ka5 Nd7 65. h5 Nxc5 66. h6
Nb7+ 67. Ka4 Nd6 0-1

[Event "Vasylyshyn Memorial IM"]
[Site "Lviv UKR"]
[Date "2010.11.23"]
[Round "1"]
[White "Terletsky, Oleg"]
[Black "Vetoshko, Volodymyr"]
[Result "1/2-1/2"]
[WhiteElo "2170"]
[BlackElo "2211"]
[WhiteFideId "14116774"]
[BlackFideId "14122480"]
[EventDate "2010.11.23"]
[EventType "tourn"]

1. e4 c5 2. Nf3 d6 3. d4 cxd4 4. Nxd4 Nf6 5. Nc3 g6 6. Be3 Bg7 7. Bc4 O-O 8. f3
Nc6 9. Qd2 Bd7 10. O-O-O Rb8 11. h4 b5 12. Bb3 Na5 13. Kb1 Nc4 14. Bxc4 bxc4 15.
Ka1 h5 16. Nde2 Qa5 17. Bh6 Bxh6 18. Qxh6 Rb6 19. Nd5 Nxd5 20. Rxd5 Qb4 21. Rb1
c3 22. Nxc3 Ra6 23. Rxh5 gxh5 24. Qg5+ Kh7 25. Qxh5+ 1/2-1/2

[Event "Vasylyshyn Memorial IM"]
[Site "Lviv UKR"]
[Date "2010.11.24"]
[Round "2"]
[White "Vetoshko, Volodymyr"]
[Black "Tsyhanchuk, Stanislav"]
[Result "0-1"]
[BlackTitle "FM"]
[WhiteElo "2211"]
[BlackElo "2328"]
[WhiteFideId "14122480"]
[BlackFideId "13505130"]
[EventDate "2010.11.23"]
[EventType "tourn"]

1. e4 Nf6 2. e5 Nd5 3. d4 d6 4. Nf3 dxe5 5. Nxe5 c6 6. Be2 Nd7 7. O-O g6 8. Nd2
Nxe5 9. dxe5 Bg7 10. Nf3 Bf5 11. c4 Nb4 12. Bf4 Nd3 13. Bg3 O-O 14. Qb3 Nc5 15.
Qe3 Ne6 16. Rfd1 Qb6 17. Qa3 c5 18. Bd3 Bg4 19. Be2 Bxf3 20. Bxf3 Nd4 21. Rab1
Rad8 22. Qe3 Qb4 23. Qc3 Qa4 24. a3 b6 25. Rd3 Rd7 26. Kf1 Rfd8 27. Be4 f5 28.
Bd5+ e6 29. Rxd4 exd5 30. Rxd5 Rxd5 31. cxd5 Rxd5 32. Re1 Qb5+ 33. Kg1 Qd3 34.
Qxd3 Rxd3 35. e6 Kf8 36. Bb8 Bxb2 37. Bxa7 c4 38. Kf1 c3 39. Ke2 Rd2+ 40. Ke3
Rd6 41. Kf3 c2 42. Bb8 Rd1 0-1

[Event "Vasylyshyn Memorial IM"]
[Site "Lviv UKR"]
[Date "2010.11.24"]
[Round "2"]
[White "Leinov, Roman"]
[Black "Terletsky, Oleg"]
[Result "1/2-1/2"]
[WhiteElo "2162"]
[BlackElo "2170"]
[WhiteFideId "13504649"]
[BlackFideId "14116774"]
[EventDate "2010.11.23"]
[EventType "tourn"]

1. c4 Nf6 2. Nc3 g6 3. g3 Bg7 4. Bg2 O-O 5. Nf3 d6 6. O-O e5 7. d3 Nc6 8. Rb1
Bf5 9. e4 Bg4 10. h3 Bxf3 11. Bxf3 Nd4 12. Bg2 a5 13. Ne2 c5 14. Nxd4 cxd4 15.
Bg5 h6 16. Bd2 Nd7 17. f4 Nc5 18. Qe2 Kh7 19. f5 Bf6 20. h4 g5 21. hxg5 Bxg5 22.
f6 Rg8 23. Rf3 Bxd2 24. Qxd2 Ne6 25. Rbf1 Ng5 26. Rf5 Qb6 27. R1f2 Rg6 28. Bf1
Ne6 29. Kh2 Rag8 30. Rh5 Rg5 31. Rh4 Qb4 32. Qc1 R8g6 33. Bh3 Nc5 34. Bf5 Kg8
35. Bxg6 Nxd3 36. Bxf7+ Kxf7 37. Qxg5 hxg5 38. Rh7+ Kf8 39. Rh8+ Kf7 40. Rh7+
Kf8 41. Rh8+ Kf7 1/2-1/2

[Event "Vasylyshyn Memorial IM"]
[Site "Lviv UKR"]
[Date "2010.11.24"]
[Round "2"]
[White "Duzhakov, Ilya"]
[Black "Bargan, Sergei"]
[Result "0-1"]
[WhiteTitle "FM"]
[BlackTitle "IM"]
[WhiteElo "2336"]
[BlackElo "2347"]
[WhiteFideId "4192516"]
[BlackFideId "13900854"]
[EventDate "2010.11.23"]
[EventType "tourn"]

1. d4 d6 2. Nf3 Bg4 3. c4 c6 4. Nc3 Nd7 5. e3 e6 6. Be2 d5 7. O-O f5 8. Ne5 Nxe5
9. dxe5 Bxe2 10. Nxe2 dxc4 11. Nf4 Qe7 12. e4 Nh6 13. Qd4 b5 14. a4 Rd8 15. Qc3
g5 16. Nh5 Bg7 17. axb5 cxb5 18. Nf6+ Bxf6 19. exf6 Qb7 20. exf5 Nxf5 21. Bxg5
Kf7 22. Qh3 h5 23. Rfe1 Rd3 24. f3 Qb6+ 25. Kh1 a5 26. Re5 Qd6 27. Ree1 a4 28.
Rac1 Qd5 29. Bf4 h4 30. Rf1 Qd4 31. Bc7 Qxf6 32. Rce1 Rg8 33. Be5 Qe7 34. Re4
Qc5 35. g4 Qd5 36. Rfe1 Ne7 37. Rf4+ Ke8 38. Bf6 Ng6 39. Rfe4 Kf7 40. g5 Qf5 41.
Qg2 Qxf3 42. Qxf3 Rxf3 43. Rxe6 Rf1+ 44. Rxf1 Kxe6 45. Kg2 b4 46. Kf3 c3 47.
bxc3 b3 48. c4 a3 49. Kg4 Rb8 50. Kh5 b2 51. Rb1 Kf5 52. Kh6 Ne5 53. Rf1+ Ke6
54. g6 a2 55. Bxe5 Kxe5 0-1

[Event "Vasylyshyn Memorial IM"]
[Site "Lviv UKR"]
[Date "2010.11.24"]
[Round "2"]
[White "Huda, Maryana"]
[Black "Grekh, Andrey"]
[Result "0-1"]
[WhiteTitle "WGM"]
[BlackTitle "IM"]
[WhiteElo "2221"]
[BlackElo "2373"]
[WhiteFideId "14116553"]
[BlackFideId "14112418"]
[EventDate "2010.11.23"]
[EventType "tourn"]

1. d4 Nf6 2. c4 e6 3. Nc3 Bb4 4. Qc2 c5 5. dxc5 O-O 6. a3 Bxc5 7. Nf3 b6 8. Bg5
Be7 9. Rd1 Bb7 10. e3 h6 11. Bh4 a6 12. Be2 Nc6 13. O-O Rc8 14. b4 a5 15. b5 Nb8
16. Qb2 Qc7 17. Na4 Bxf3 18. gxf3 d5 19. cxd5 Nxd5 20. Bxe7 Qxe7 21. f4 Nd7 22.
Bf3 Rc4 23. Qb3 Rfc8 24. Rd2 Qh4 25. Qd1 N7f6 26. Rd4 Rxa4 27. Rxd5 exd5 28.
Qxa4 Ng4 29. Bxg4 Qxg4+ 30. Kh1 Qe2 31. Qd1 Qxb5 32. Rg1 Qb2 33. Qa1 Rc2 34.
Qxb2 Rxb2 35. Rd1 Rxf2 36. Rxd5 Rb2 37. a4 Rb3 38. Rd6 Rxe3 39. Rxb6 Re4 40. f5
Rxa4 41. Kg2 Rf4 42. Rb5 a4 43. Ra5 a3 44. Kg3 Rf1 45. Kg2 Ra1 46. Ra8+ Kh7 47.
h4 h5 48. Ra6 f6 49. Ra7 Kg8 50. Ra8+ Kf7 51. Ra7+ Kf8 52. Ra8+ Ke7 53. Ra7+ Kd6
54. Rxg7 Ke5 55. Rh7 a2 56. Ra7 Kxf5 57. Ra5+ Ke4 58. Ra4+ Kd3 59. Ra3+ Kc4 60.
Ra8 f5 61. Rc8+ Kb5 62. Rb8+ Kc6 63. Ra8 f4 0-1

[Event "Vasylyshyn Memorial IM"]
[Site "Lviv UKR"]
[Date "2010.11.25"]
[Round "3"]
[White "Grekh, Andrey"]
[Black "Nester, Ihor"]
[Result "1/2-1/2"]
[WhiteTitle "IM"]
[BlackTitle "IM"]
[WhiteElo "2373"]
[BlackElo "2340"]
[WhiteFideId "14112418"]
[BlackFideId "14107600"]
[EventDate "2010.11.23"]
[EventType "tourn"]

1. e4 e5 2. Nf3 Nc6 3. Bb5 a6 4. Ba4 Nf6 5. O-O Be7 6. Re1 b5 7. Bb3 d6 8. c3
O-O 9. h3 Nb8 10. d4 Nbd7 11. Nbd2 Re8 12. Nf1 Bf8 13. Bc2 Bb7 14. Ng3 g6 15.
dxe5 dxe5 16. a4 1/2-1/2

[Event "Vasylyshyn Memorial IM"]
[Site "Lviv UKR"]
[Date "2010.11.25"]
[Round "3"]
[White "Bargan, Sergei"]
[Black "Huda, Maryana"]
[Result "1-0"]
[WhiteTitle "IM"]
[BlackTitle "WGM"]
[WhiteElo "2347"]
[BlackElo "2221"]
[WhiteFideId "13900854"]
[BlackFideId "14116553"]
[EventDate "2010.11.23"]
[EventType "tourn"]

1. g3 Nf6 2. Bg2 d5 3. d3 e5 4. Nf3 Bd6 5. O-O O-O 6. c4 c6 7. Nc3 d4 8. Nb1 c5
9. b4 cxb4 10. a3 Nc6 11. axb4 Nxb4 12. Ba3 Qe7 13. Nbd2 Bd7 14. Ng5 Bc6 15.
Nge4 Nxe4 16. Nxe4 Bxe4 17. Bxe4 f5 18. Bg2 a5 19. Qa4 e4 20. Rad1 Bc5 21. Bb2
Rfd8 22. Qb5 b6 23. Kh1 Rd6 24. Qa4 Re8 25. Bc1 Qd7 26. Qb3 a4 27. Qb1 exd3 28.
exd3 Kh8 29. Bd2 Nc6 30. Bf4 Rf6 31. Rfe1 a3 32. Qb5 h6 33. h4 Ra8 34. Bd2 Kh7
35. Ra1 a2 36. Re2 Ra3 37. Bf4 Rxd3 38. Rexa2 Rc3 39. Ra7 Qxa7 40. Rxa7 Nxa7 41.
Qd7 Nc8 42. Qxc8 d3 43. Qd7 Bxf2 44. Be5 Rc1+ 45. Kh2 Rg6 46. Qxf5 d2 47. h5
Bxg3+ 48. Bxg3 1-0

[Event "Vasylyshyn Memorial IM"]
[Site "Lviv UKR"]
[Date "2010.11.25"]
[Round "3"]
[White "Terletsky, Oleg"]
[Black "Duzhakov, Ilya"]
[Result "0-1"]
[BlackTitle "FM"]
[WhiteElo "2170"]
[BlackElo "2336"]
[WhiteFideId "14116774"]
[BlackFideId "4192516"]
[EventDate "2010.11.23"]
[EventType "tourn"]

1. e4 e6 2. d4 d5 3. exd5 exd5 4. Nf3 Nc6 5. Bd3 Bg4 6. c3 Bd6 7. O-O Nge7 8.
Nbd2 Qd7 9. Re1 O-O-O 10. b4 Ng6 11. b5 Nce7 12. a4 Nf4 13. Bf1 Nf5 14. Qb3 g5
15. Ne5 Bxe5 16. Rxe5 f6 17. Re1 Nh4 18. b6 cxb6 19. a5 Rhe8 20. Rxe8 Rxe8 21.
axb6 a6 22. Ba3 Be2 23. Re1 Bxf1 0-1

[Event "Vasylyshyn Memorial IM"]
[Site "Lviv UKR"]
[Date "2010.11.26"]
[Round "4"]
[White "Leinov, Roman"]
[Black "Meleshko, Vladimir"]
[Result "0-1"]
[WhiteElo "2162"]
[BlackElo "2252"]
[WhiteFideId "13504649"]
[BlackFideId "14111055"]
[EventDate "2010.11.23"]
[EventType "tourn"]

1. c4 e5 2. Nc3 Bb4 3. Qc2 Nc6 4. e3 Nf6 5. a3 Bxc3 6. Qxc3 O-O 7. d3 d5 8. Qc2
dxc4 9. Qxc4 Be6 10. Qa4 Qd5 11. Bd2 Rfd8 12. e4 Qd6 13. Be3 Ng4 14. Rc1 Nxe3
15. fxe3 Bg4 16. Qc2 Qh6 17. Qf2 Rd6 18. Nf3 f5 19. Be2 Bxf3 20. gxf3 f4 21.
exf4 Qxf4 22. O-O Rf8 23. Kh1 Kh8 24. d4 Nxd4 25. Rxc7 Nxe2 0-1

[Event "Vasylyshyn Memorial IM"]
[Site "Lviv UKR"]
[Date "2010.11.26"]
[Round "4"]
[White "Duzhakov, Ilya"]
[Black "Tsyhanchuk, Stanislav"]
[Result "0-1"]
[WhiteTitle "FM"]
[BlackTitle "FM"]
[WhiteElo "2336"]
[BlackElo "2328"]
[WhiteFideId "4192516"]
[BlackFideId "13505130"]
[EventDate "2010.11.23"]
[EventType "tourn"]

1. d4 Nf6 2. Nf3 g6 3. g3 Bg7 4. Bg2 O-O 5. c4 d6 6. O-O Nc6 7. Nc3 a6 8. h3 Bd7
9. e4 e5 10. Be3 exd4 11. Nxd4 Ne5 12. b3 Re8 13. f4 Nc6 14. Re1 Nxd4 15. Bxd4
c5 16. Bxf6 Bxf6 17. Rc1 Bd4+ 18. Kh2 Bc6 19. Qd3 Qe7 20. Re2 Qf6 21. Nb1 Re6
22. Nd2 Rae8 23. Rce1 Qe7 24. Bf3 h5 25. a4 a5 26. e5 dxe5 27. Bd5 Bxd5 28. cxd5
Rd6 29. Qf3 Red8 30. Rxe5 Bxe5 31. Rxe5 Qf8 32. Qe4 f5 33. Qg2 Qf7 34. Nf3 Rxd5
35. Re2 Rd1 36. Rc2 Qd5 37. g4 Qe4 38. Rc4 Qe3 39. gxf5 R8d2 0-1

[Event "Vasylyshyn Memorial IM"]
[Site "Lviv UKR"]
[Date "2010.11.27"]
[Round "5"]
[White "Tsyhanchuk, Stanislav"]
[Black "Huda, Maryana"]
[Result "1/2-1/2"]
[WhiteTitle "FM"]
[BlackTitle "WGM"]
[WhiteElo "2328"]
[BlackElo "2221"]
[WhiteFideId "13505130"]
[BlackFideId "14116553"]
[EventDate "2010.11.23"]
[EventType "tourn"]

1. e4 e5 2. Nf3 Nc6 3. Bc4 Bc5 4. O-O Nf6 5. d4 Bxd4 6. Nxd4 Nxd4 7. f4 d6 8.
fxe5 dxe5 9. Bg5 Be6 10. Na3 Qe7 11. c3 Bxc4 12. Nxc4 Ne6 13. Bxf6 Qc5+ 14. Kh1
Qxc4 15. Bxe5 Qxe4 16. Rxf7 Rd8 17. Qf3 Qxe5 18. Rf5 Qd6 19. Re1 Rf8 20. Rxf8+
Qxf8 1/2-1/2

[Event "Vasylyshyn Memorial IM"]
[Site "Lviv UKR"]
[Date "2010.11.27"]
[Round "5"]
[White "Meleshko, Vladimir"]
[Black "Duzhakov, Ilya"]
[Result "0-1"]
[BlackTitle "FM"]
[WhiteElo "2252"]
[BlackElo "2336"]
[WhiteFideId "14111055"]
[BlackFideId "4192516"]
[EventDate "2010.11.23"]
[EventType "tourn"]

1. e4 e6 2. d4 d5 3. Nc3 Bb4 4. e5 c5 5. a3 Bxc3+ 6. bxc3 Qc7 7. Qg4 f6 8. Bb5+
Kf8 9. exf6 Nxf6 10. Qf3 a6 11. Be2 cxd4 12. cxd4 Qxc2 13. Bg5 Qg6 14. Nh3 Nc6
15. Rd1 h6 16. Bh4 Kf7 17. Bd3 Qg4 18. Qxg4 Nxg4 19. Be2 Nf6 20. Bxf6 gxf6 21.
Nf4 Rg8 22. O-O Bd7 23. Rfe1 Ke7 24. Bh5 Kd6 25. Bf7 Rg4 26. Nxe6 Be8 27. Nc7
Kxc7 28. Bxe8 Rxd4 29. Rc1 Kd6 30. Rb1 Ne5 31. Rb6+ Kc5 32. Re6 Rd8 33. Bh5 Rd6
34. Re8 Rh4 35. Be2 b5 36. Rc1+ Kb6 37. Rh8 d4 38. g3 Re4 39. Bh5 d3 40. f4 d2
41. Rd1 Re1+ 42. Kg2 Nc4 43. Kf2 Re7 44. Rxh6 Ne3 45. Rh1 Rc6 46. Bd1 Ka5 47. h4
Rc1 48. Ke2 Nf1+ 0-1

[Event "Vasylyshyn Memorial IM"]
[Site "Lviv UKR"]
[Date "2010.11.27"]
[Round "5"]
[White "Vetoshko, Volodymyr"]
[Black "Leinov, Roman"]
[Result "1-0"]
[WhiteElo "2211"]
[BlackElo "2162"]
[WhiteFideId "14122480"]
[BlackFideId "13504649"]
[EventDate "2010.11.23"]
[EventType "tourn"]

1. e4 c5 2. Nf3 g6 3. d4 cxd4 4. Nxd4 Bg7 5. Nc3 Nc6 6. Be3 Nf6 7. Bc4 O-O 8.
Bb3 a5 9. Nxc6 dxc6 10. Qxd8 Rxd8 11. e5 Nd5 12. Nxd5 cxd5 13. Bb6 Rd7 14. Ba4
Bxe5 15. Bxd7 Bxd7 16. O-O-O Bc6 17. Rhe1 Bd6 18. g3 e5 19. c4 Rc8 20. Kb1 d4
21. c5 Bb8 22. Bxa5 Bf3 23. Rd3 Bg4 24. Rb3 Rxc5 25. Rxb7 Bf5+ 26. Ka1 Rc8 27.
Bd2 e4 28. a4 Bd6 29. a5 Rc4 30. b3 Rc2 31. a6 Rc6 32. Ra7 Be5 33. Bf4 Bf6 34.
Rc1 e3 35. Rxc6 d3+ 36. Ka2 d2 37. Rd6 exf2 38. Bh6 Be4 1-0

[Event "Vasylyshyn Memorial IM"]
[Site "Lviv UKR"]
[Date "2010.11.28"]
[Round "6"]
[White "Nester, Ihor"]
[Black "Leinov, Roman"]
[Result "1/2-1/2"]
[WhiteTitle "IM"]
[WhiteElo "2340"]
[BlackElo "2162"]
[WhiteFideId "14107600"]
[BlackFideId "13504649"]
[EventDate "2010.11.23"]
[EventType "tourn"]

1. Nf3 d5 2. d4 c6 3. c4 e6 4. Nbd2 f5 5. g3 Nf6 6. Bg2 Bd6 7. O-O Nbd7 8. Ne1
O-O 9. Nd3 Qe7 10. Qc2 Kh8 11. Nf3 Ne4 12. Bf4 Bxf4 13. Nxf4 dxc4 14. Qxc4 e5
15. dxe5 Nxe5 16. Nxe5 Qxe5 17. Nd3 Qe7 18. Rfd1 Be6 19. Qd4 Bd5 20. Nf4 Rfd8
21. Qe3 Qf6 22. Nxd5 Rxd5 23. Rxd5 cxd5 24. Qb3 Qc6 25. Rd1 Rd8 26. Bh3 g6 27.
Qe3 Qf6 28. Rc1 Qxb2 29. Rc7 Qb6 30. Qf4 Qd6 31. Rxb7 Qxf4 32. gxf4 Nc3 33. Bf1
a5 34. a3 d4 35. Rc7 Nb5 36. Rc5 Nxa3 37. Rxa5 Nb1 38. Ra2 Rc8 39. Ra4 Rd8 40.
Ra2 Nc3 41. Rd2 Ne4 42. Rd1 Nc5 43. Kg2 Kg7 44. Kf3 Kh6 45. Rc1 d3 46. exd3 Nxd3
47. Bxd3 Rxd3+ 48. Kg2 Kh5 49. Rc7 1/2-1/2

[Event "Vasylyshyn Memorial IM"]
[Site "Lviv UKR"]
[Date "2010.11.28"]
[Round "6"]
[White "Duzhakov, Ilya"]
[Black "Vetoshko, Volodymyr"]
[Result "1/2-1/2"]
[WhiteTitle "FM"]
[WhiteElo "2336"]
[BlackElo "2211"]
[WhiteFideId "4192516"]
[BlackFideId "14122480"]
[EventDate "2010.11.23"]
[EventType "tourn"]

1. d4 Nf6 2. Nf3 e6 3. c4 c5 4. d5 b5 5. dxe6 fxe6 6. cxb5 a6 7. bxa6 Bxa6 8. g3
Nc6 9. Bh3 Be7 10. O-O O-O 11. Nc3 Qe8 12. Re1 Qh5 13. Kg2 h6 14. Ng1 g5 15. f3
Ne5 16. Kh1 g4 17. Bg2 gxf3 18. exf3 Bb7 19. h3 Ra6 20. Qe2 Bd6 21. Bf4 Nf7 22.
Bxd6 Nxd6 23. Qe5 Qg6 24. Rad1 Nd5 25. Nxd5 Bxd5 26. a3 Nc4 27. Qe2 Rb6 28. Rxd5
exd5 29. f4 Rd6 30. Rd1 Qe6 31. Qf2 Qe3 32. Qc2 Qe6 33. Qf2 d4 34. Nf3 Rb8 35.
b4 Ne3 36. Re1 Qd5 37. bxc5 Nxg2 38. Re5 Qc4 39. cxd6 Ne3 40. Nxd4 Qc1+ 41. Kh2
Rb1 42. Qa2+ Nc4 43. Re8+ Kf7 44. Qg2 Kxe8 45. Qe4+ Kf8 1/2-1/2

[Event "Vasylyshyn Memorial IM"]
[Site "Lviv UKR"]
[Date "2010.11.28"]
[Round "6"]
[White "Huda, Maryana"]
[Black "Meleshko, Vladimir"]
[Result "1/2-1/2"]
[WhiteTitle "WGM"]
[WhiteElo "2221"]
[BlackElo "2252"]
[WhiteFideId "14116553"]
[BlackFideId "14111055"]
[EventDate "2010.11.23"]
[EventType "tourn"]

1. d4 Nf6 2. c4 c5 3. d5 b5 4. cxb5 a6 5. bxa6 Bxa6 6. Nc3 g6 7. g3 d6 8. Bg2
Bg7 9. Nf3 Nbd7 10. Rb1 Nb6 11. b3 Bb7 12. Nh4 Ra7 13. O-O O-O 14. e4 Qa8 15.
Re1 Nfd7 16. Qc2 Ba6 17. f4 Rc8 18. Bb2 Bb7 19. Ra1 c4 20. b4 Bxc3 21. Bxc3 Ra3
22. f5 g5 23. Nf3 f6 24. Nd4 Na4 25. Nb5 Nxc3 26. Nxa3 Qxa3 27. Re3 Qxb4 28.
Rxc3 Ne5 29. h3 Ba6 30. Rb1 Qa5 31. Bf1 Kg7 32. Kg2 Rc5 33. a3 Bb5 34. Qb2 Qa8
35. Qd2 Ba4 36. Be2 Bb3 37. Bd1 Qa4 38. Qd4 Qxa3 39. Bxb3 cxb3 40. Rbxb3 Qa2+
41. Qf2 Qa4 42. Qe2 Nd7 43. Ra3 Qd4 44. Qd3 Qb4 45. Rab3 Qa4 46. Qc2 Qd4 47. g4
Rxc3 48. Rxc3 Nc5 49. Rc4 Qe3 50. Rc3 Qd4 51. Rc4 1/2-1/2

[Event "Vasylyshyn Memorial IM"]
[Site "Lviv UKR"]
[Date "2010.11.28"]
[Round "6"]
[White "Grekh, Andrey"]
[Black "Tsyhanchuk, Stanislav"]
[Result "1-0"]
[WhiteTitle "IM"]
[BlackTitle "FM"]
[WhiteElo "2373"]
[BlackElo "2328"]
[WhiteFideId "14112418"]
[BlackFideId "13505130"]
[EventDate "2010.11.23"]
[EventType "tourn"]

1. e4 Nf6 2. e5 Nd5 3. d4 d6 4. Nf3 dxe5 5. Nxe5 c6 6. Bd3 Nd7 7. Nf3 N7f6 8. h3
g6 9. O-O Bg7 10. a3 O-O 11. c4 Nc7 12. Nc3 Ne6 13. Be3 Qc7 14. Qd2 Rd8 15. Rac1
Nh5 16. d5 Nef4 17. Be4 Bf5 18. Bxf5 gxf5 19. Rfd1 Rac8 20. Qe1 Qd6 21. dxc6
Qxc6 22. Nd5 Nxd5 23. cxd5 Qd7 24. Rxc8 Rxc8 25. Qe2 a6 26. Nh4 Nf6 27. Qf3 f4
28. Bxf4 Rc4 29. b3 Rc5 30. d6 e6 31. b4 Rc4 32. Be5 Ne4 33. Qg4 f6 34. Bxf6
Nxd6 35. Qxc4 Nxc4 36. Rxd7 Bxf6 37. Nf3 b5 38. Ra7 Bb2 39. Rxa6 Bxa3 40. Nd2
Bxb4 41. Nxc4 bxc4 42. Rxe6 Bd2 43. Rc6 c3 44. Kf1 Kf7 45. Ke2 h5 46. Kd3 Be1
47. f3 h4 48. Rxc3 1-0

[Event "Vasylyshyn Memorial IM"]
[Site "Lviv UKR"]
[Date "2010.11.29"]
[Round "7"]
[White "Terletsky, Oleg"]
[Black "Nester, Ihor"]
[Result "0-1"]
[BlackTitle "IM"]
[WhiteElo "2170"]
[BlackElo "2340"]
[WhiteFideId "14116774"]
[BlackFideId "14107600"]
[EventDate "2010.11.23"]
[EventType "tourn"]

1. e4 e5 2. Nf3 Nc6 3. d4 exd4 4. Nxd4 Nf6 5. Nxc6 bxc6 6. e5 Qe7 7. Qe2 Nd5 8.
c4 Nb6 9. g3 a5 10. Bg2 Qe6 11. b3 a4 12. Bb2 Bb4+ 13. Kf1 Ba6 14. Be4 Nxc4 0-1

[Event "Vasylyshyn Memorial IM"]
[Site "Lviv UKR"]
[Date "2010.11.29"]
[Round "7"]
[White "Meleshko, Vladimir"]
[Black "Grekh, Andrey"]
[Result "1/2-1/2"]
[BlackTitle "IM"]
[WhiteElo "2252"]
[BlackElo "2373"]
[WhiteFideId "14111055"]
[BlackFideId "14112418"]
[EventDate "2010.11.23"]
[EventType "tourn"]

1. d4 Nf6 2. c4 e6 3. Nf3 b6 4. g3 Ba6 5. b3 Bb4+ 6. Bd2 Be7 7. Bg2 c6 8. Bc3 d5
9. Ne5 Nfd7 10. Nxd7 Nxd7 11. Nd2 O-O 12. O-O Rc8 13. e4 c5 14. exd5 exd5 15.
dxc5 dxc4 16. c6 cxb3 17. Re1 Bb5 18. Nxb3 Bxc6 19. Bxg7 Kxg7 20. Nd4 Bxg2 21.
Nf5+ Kh8 22. Rxe7 Bh3 23. Qd4+ Ne5 24. Qxe5+ f6 25. Qe2 Bxf5 26. Rd1 Bg4 27.
Rxh7+ Kxh7 28. Qxg4 Qe8 29. Rd7+ Rf7 30. Rxf7+ Qxf7 31. Qxc8 Qxa2 32. Qf5+ Kg7
33. h4 a5 34. h5 Qf7 1/2-1/2